Statystyki dla Wszystkie piosenki - White 2115

Kliknij tutaj aby rozwiązać quiz!

Ogólne statystyki

  • Ten quiz został rozwiązany 1 922 razy
    (1 565 od ostatniego zresetowania)
  • Średni wynik to 43 z 80

Statystyki odpowiedzi

HintOdpowiedź% Poprawnych
RockstarCalifornia
95%
RockstarRockstar
90%
Pretty BoyRiRi
77%
Pretty Boy18
74%
Rockstar: Do zachodu słońcaMorgan
74%
Pretty BoyPretty Boy
74%
RockstarLa vida loca
73%
Młody KsiążęMogę Dziś Umierać
73%
RockstarNoc
73%
Rockstar: Do zachodu słońcaDo zachodu słońca
72%
RockstarNowi kumple (feat. Bedoes & Kuqe 2115)
71%
Rockstar: Do zachodu słońcaWschód (Intro)
71%
Młody KsiążęMłody Książę
68%
RockstarJaki ojciec taki syn
67%
Młody KsiążęPałac
67%
Pretty BoyAfterparty
66%
Rockstar: Do zachodu słońcaPapieros
66%
Diamentowy Las (z Białas)Diamentowy Las
65%
Pretty BoyBroly
62%
Pretty GirlSaint Tropez
62%
Młody KsiążęTrzy Butelki
62%
Pretty BoyBooker (baw się) - Bonus Track
61%
RockstarSen
60%
Diamentowy Las (z Białas)Święto ogródka
60%
Rockstar: Do zachodu słońcaZachód (Outro)
60%
Pretty BoyEasy Rider
59%
Młody KsiążęByliśmy tu
58%
Rockstar: Do zachodu słońcaJesteśmy tu
58%
Rockstar: Do zachodu słońcaPorsche
58%
Pretty BoySąsiedzi
58%
RockstarCry Baby
57%
RockstarKurt Cobain
57%
Pretty BoyTraplife - Bonus Track
57%
Młody KsiążęAMG (feat. Malik Montana & Pablo 2115)
56%
Pretty BoyIntro
56%
RockstarBalmain
55%
RockstarJim Morrison
55%
Młody KsiążęRok (feat. Kuqe 2115)
55%
Młody KsiążęD.Evil
54%
Rockstar: Do zachodu słońcaOh oh (lalala) (feat. Mata)
54%
Pretty BoyPierwszy Raz (feat. Kinny Zimmer)
54%
RockstarAnioł stróż
53%
RockstarLegenda
53%
Pretty BoyNajmłodszy Łajcior
53%
Pretty BoyMilanówek Callin' (feat. Palar)
52%
RockstarSos mula (feat. Białas)
52%
Młody Książę+48 (feat. Jan-Rapowanie)
51%
Pretty BoyBulletproof
51%
Pretty BoyBuch na dwóch (feat. Białas)
49%
Rockstar: Do zachodu słońcaHel - Bonus Track
49%
Rockstar: Do zachodu słońca2020 - Bonus Track
48%
Rockstar: Do zachodu słońcaJohnny Knoxville (feat. Felivers)
48%
Rockstar: Do zachodu słońcaKap kap (feat. Szpaku)
48%
Młody KsiążęGTR
47%
Rockstar: Do zachodu słońcaKrzyki na blokach
47%
Rockstar: Do zachodu słońcaDavid (feat. Chivas & Mr. Polska)
46%
Młody KsiążęFlesz
45%
Pretty BoyŚliczny chłopiec
45%
Młody KsiążęM550i (feat. PlanBe)
44%
Pretty GirlNic na pokaz
44%
Młody KsiążęDMC
43%
Młody KsiążęIntruz (feat. Luna)
43%
Młody KsiążęNie Chcę
43%
Młody KsiążęTriple S
43%
Młody KsiążęWampir
43%
Diamentowy Las (z Białas)Mutanci
42%
Pretty GirlPół życia
42%
Młody KsiążęJohn Travolta (feat. Żabson)
41%
Diamentowy Las (z Białas)Lombard dusz
41%
Rockstar: Do zachodu słońcaSkrywam
41%
Diamentowy Las (z Białas)Różowy śnieg
40%
Diamentowy Las (z Białas)Jesień w Diamentowym Lesie
39%
Młody KsiążęNa Zawsze
39%
Rockstar: Do zachodu słońcaParę K (feat. Białas)
37%
Diamentowy Las (z Białas)Nie lubię ku
33%
Diamentowy Las (z Białas)Korzenie w bagnie
32%
Diamentowy Las (z Białas)Afera
31%
Diamentowy Las (z Białas)Czysty diament
27%
Diamentowy Las (z Białas)Spacer po lecie
27%
Diamentowy Las (z Białas)Pierwszy słońca blask
25%

Rozkład punktacji

Percentyl według liczby udzielonych odpowiedzi

Procent ludzi z każdym wynikiem

Twoja historia wyników

Nie rozwiązałeś tego quizu od ostatniego zresetowania